000 00399nam a2200133Ia 4500
008 211109s9999||||xx |||||||||||||| ||und||
082 _a894.8123
_bMUK-M
100 _aMukundhan, M
245 0 _aMukundhante Kadhakal
260 _bCurrent Books
_aKottayam
_c1961
630 _xGENERAL STACK
650 _aMalayalam Literature
_vMalayalam Fiction
_xMalayalam NovelsShort StoriesMalayalam
942 _cBOOK
999 _c47137
_d47137